| 000 | 00943caa a22002417a 4500 | ||
|---|---|---|---|
| 999 |
_c418521 _d418521 |
||
| 001 | 130520 | ||
| 003 | UA-OsUOA | ||
| 005 | 20200112140056.0 | ||
| 007 | ta | ||
| 008 | 20180506b un ||||| |||| 00| 0 ukr d | ||
| 040 |
_aUA-OsUOA _bukr _cUA-OsUOA _dUA-OsUOA |
||
| 041 | _aukr | ||
| 080 | _a908 | ||
| 090 |
_a908 _bП56 |
||
| 100 | _aПономаренко С. | ||
| 245 |
_aПравовий статус українських громадських організацій на Волині (1918–1939 рр.) _cС. Пономаренко |
||
| 300 | _aС. 153–159 | ||
| 650 | 7 |
_a908 Краєзнавство _2UDC |
|
| 773 | 0 |
_0318350 _9334435 _dОстрог Національний університет "Острозька академія" 2003 _o61485 _tНаукові записки _w(UA-OsUOA) 31915 _z966-7631-62-1 |
|
| 942 |
_cBKA _2udc |
||
| 955 | _a1 | ||